Every Ride At Movie World Current - Statistics

General Stats
  • This quiz has been taken 3 times
  • The average score is 9 of 17
Answer Stats
Hint Answer % Correct
'joker coaster' dc rivals hypercoaster
100%
steepest drop in thesouthern hemisphere green lantern coaster
100%
0-100 superman escape
100%
launch tower batwing spaceshot
67%
hall of justice justice league 3d the ride
67%
wild mouse scooby doo spooky coaster
67%
western wild west falls adventure ride
67%
fast flash speed force
33%
fly my pretties flight of the wicked witch
33%
drive around a miniature movieworld junior driving school
33%
dueling coaster kansas twister
33%
kid launch tower marvin the martian cosmic boom
33%
beep beep road runner rollercoaster
33%
taxis speedy gonzales' tijuana taxis
33%
cages sylvester and tweety cages
33%
train yosemite sam railroad
33%
around and around looney tunes carousel
0%
No matching quizzes found
Score Distribution
Percent of People with Each Score
Percentile by Number Answered
Your Score History
You have not taken this quiz